| 000 | 00473cam a2200193ua 4500 | ||
|---|---|---|---|
| 020 | _c62.50 | ||
| 041 |
_aeng _h |
||
| 082 |
_a616.968 _bHER/ME |
||
| 100 | _aHerms, Wiliam B . | ||
| 245 |
_aMedical entomology / _cWilliam B Herns. _hTextual Documents |
||
| 250 |
_a5 / _b. |
||
| 260 |
_aNew York : _bMacmillan Company , _c1961. |
||
| 300 | _a616 ; . | ||
| 365 | _a62.50 | ||
| 504 | _a | ||
| 700 | 1 | _aJames, Maurice T . | |
| 942 | _cBK | ||
| 999 |
_c10184 _d10184 |
||